Boj o zamestnanca
Trh práce - uchádzačov málo, pracovných ponúk veľa, firmy musia doslova súperiť o získanie kvalitného zamestnanca. Aký význam a vplyv má zamestnávateľská značka, ako ju získať. Možnosti hľadania nových ľudí. Práca s ľuďmi ako dlhodobý proces.
Guardado en:
| Autor principal: | |
|---|---|
| Formato: | Capítulo de libro |
| Lenguaje: | eslovaco |
| Materias: | |
| Etiquetas: |
Sin Etiquetas, Sea el primero en etiquetar este registro!
|
MARC
| LEADER | 00000naa a2200000 4500 | ||
|---|---|---|---|
| 001 | 0231208 | ||
| 005 | 20170605091249.8 | ||
| 041 | 0 | |a slo | |
| 044 | |a SK | ||
| 245 | 1 | 0 | |a Boj o zamestnanca |c Monika Jakubíková |
| 520 | |a Trh práce - uchádzačov málo, pracovných ponúk veľa, firmy musia doslova súperiť o získanie kvalitného zamestnanca. Aký význam a vplyv má zamestnávateľská značka, ako ju získať. Možnosti hľadania nových ľudí. Práca s ľuďmi ako dlhodobý proces. | ||
| 610 | 2 | 0 | |a trh práce |
| 610 | 2 | 0 | |a Slovensko |
| 610 | 2 | 0 | |a zamestnanci |
| 610 | 2 | 0 | |a pracovníci vedúci |
| 610 | 2 | 0 | |a výber pracovníkov |
| 610 | 2 | 0 | |a práca s ľuďmi |
| 100 | 1 | |a Jakubíková, Monika | |